Countries that Beat Poland - Statistics

General Stats
  • This quiz has been taken 4,911 times
    4,723 since last reset
  • The average score is 11 of 16
Answer Stats
Rank Category Countries % Correct
3 Most populous Slavic country Russia | Ukraine
97%
9 (t) Country whose flag contains the most white Cyprus | Japan | South Korea | Jordan | Israel | Finland | Uruguay | Singapore
82%
5 With the most populous city on the Baltic Sea Russia | Sweden | Finland | Latvia
78%
3 Most populous country whose name begins with P Pakistan | Philippines
77%
3 Most populous European country not using the Euro as its official currency Russia | United Kingdom | Ukraine
77%
3 Most civilian WWII deaths[1] China | Soviet Union
74%
3 Country with the shortest border with Russia North Korea | Norway
72%
4 Most populous country whose flag contains only red and white Indonesia | Japan | Turkey
70%
2 Biggest recipient of Czech exports Germany
69%
2 European country whose capital is closest alphabetically to the end of the alphabet Croatia
66%
3 Country with the biggest urban area beginning with the letter W United States | China
59%
3 Westernmost Warsaw Pact country East Germany | Czechoslovakia
57%
5 Lowest fertility rate Singapore | Taiwan | South Korea | Bosnia and Herzegovina
56%
3 Lowest population growth rate (Excluding countries with a population < 20 million) Ukraine | Japan
54%
2 Most populous country ending in -LAND Thailand
46%
2 Most common country of origin of foreign-born German residents Turkey
46%
No matching quizzes found
Score Distribution
Percent of People with Each Score
Percentile by Number Answered
Your Score History
You have not taken this quiz since the last reset